000 00664nam a2200241Ia 4500
003 OSt
005 20220918184533.0
006 a|||||r|||| 00| 0
007 ta
008 220917b |||||||| |||| 00| 0 eng d
024 _a47,044
037 _cTextual
040 _aARTS
_cARTS
_beng
041 _2eng
_aeng
082 _aO41,1D7:g, 111L2
100 _aWu John C H
_966017
245 0 _aFour seasons of Tang poetry
260 _aRutland
_bCharles E Tuttle
_c1982
300 _a225p.
_ccm.
650 _aCHINESE POETRY; CHINESE LITERATURE
_966018
942 _hO41,1D7:g, 111L2
_cTEXL
_2CC
999 _c176922
_d176922